Limca book of records, 2012 : (Record no. 68912)

MARC details
000 -LEADER
fixed length control field 00661nam a22001937a 4500
005 - DATE AND TIME OF LATEST TRANSACTION
control field 20130523164816.0
010 ## - LCCN (DPL NO)
LC control number B-475604
020 ## - INTERNATIONAL STANDARD BOOK NUMBER
International Standard Book Number 9788192114453
Terms of availability 380.00
035 ## - SYSTEM CONTROL NUMBER
System control number B-477505-513 B-475604
037 ## - SOURCE OF ACQUISITION
Stock number dpl
Source of stock number/acquisition RBC/Ven
082 ## - DEWEY DECIMAL CLASSIFICATION NUMBER
Classification number 030.954
245 ## - TITLE STATEMENT
Title Limca book of records, 2012 :
Remainder of title India at her best
Statement of responsibility, etc edited by Vijaya Ghose
260 ## - PUBLICATION, DISTRIBUTION, ETC. (IMPRINT)
Place of publication, distribution, etc Gurgaon
Name of publisher, distributor, etc Coca-Cola Inc.
Date of publication, distribution, etc 2012
270 ## - ADDRESS
Address Enkay towers, Udyog bhavan - V
City Haryana
300 ## - PHYSICAL DESCRIPTION
Extent 327 p.
Dimensions 27 cm(pbk)
500 ## - GENERAL NOTE
General note Special music edition
942 ## - ADDED ENTRY ELEMENTS (KOHA)
Source of classification or shelving scheme Dewey Decimal Classification
Item type English Books
Call number suffix GHO
Classification part 030.954
Holdings
Withdrawn status Lost status Not for loan Collection code Home library Current library Date acquired Source of acquisition Cost, normal purchase price Full call number Barcode Copy number Cost, replacement price Koha item type
    Not For Loan Reference Central Library Central Library 06/08/2012 RBC/28330/23.03.2012/7/22.02.2012/30.3.2012 380.00 030.954 GHO B-475604 1 380.00 English Books

© Delhi Public Library
Hit Counter
free hit counter